The United States Presidential Election of 2016: Development, Campaigns and Candidates diplomová práca

Guardado en:
Detalles Bibliográficos
Autor principal: Košťál, Ivan
Autor Corporativo: Fakulta aplikovaných jazykov EU v Bratislave. Katedra interkultúrnej komunikácie
Otros Autores: Némethová, Ildikó, 1974-
Formato: Libro
Lenguaje:inglés
Publicado: Bratislava 2017
Etiquetas: Agregar Etiqueta
Sin Etiquetas, Sea el primero en etiquetar este registro!

MARC

LEADER 00000nbm a2200000 4500
001 0231444
005 20180215144310.7
041 0 |a eng 
044 |a SK 
245 1 0 |a The United States Presidential Election of 2016: Development, Campaigns and Candidates  |b diplomová práca  |c Ivan Košťál ; školiteľ: Ildikó Némethová 
264 1 |a Bratislava  |c 2017 
300 |a 81 s. 
100 1 |a Košťál, Ivan 
700 1 |a Némethová, Ildikó, 1974- 
710 2 |a Fakulta aplikovaných jazykov EU v Bratislave. Katedra interkultúrnej komunikácie